000 00681nam a2200241Ia 4500
003 OSt
005 20220924131820.0
006 a|||||r|||| 00| 0
007 ta
008 220923b |||||||| |||| 00| 0 tel d
024 _a345562
037 _cTextual
040 _aARTS
_cARTS
_btel
041 _2tel
_atel
082 _aO157,3N08,3, 35K0
100 _aKadilaya Amarasundar Au.
_9202966
245 0 _aPadmanadilo Pallevadu
260 _aVijayawada
_bDesi Kavita Mandali India
_c1960
300 _a171p.
_ccm.
650 _aBENGALI LITERATURE
942 _hO157,3N08,3, 35K0
_cTEXL
_2CC
999 _c428303
_d428303